[Event "Mecklenburg VP-ch U18"]
[Site "Malchow"]
[Date "2018.02.07"]
[Round "3.4"]
[White "Schamber, Maximilian"]
[Black "Joers, Pia Milena"]
[Result "1/2-1/2"]
[WhiteElo "1494"]
[BlackElo "1557"]
[PlyCount "63"]
[EventDate "2018.02.07"]
[EventType "tourn"]
[EventRounds "7"]
[EventCountry "GER"]
[SourceTitle "EXT 2022"]
[Source "ChessBase"]
[SourceDate "2021.10.06"]
[SourceVersion "1"]
[SourceVersionDate "2021.10.06"]
[SourceQuality "1"]

1. d4 e6 2. a3 d5 3. c4 c6 4. Qc2 Nf6 5. Nf3 Nbd7 6. Bf4 Ne4 7. Nc3 Ndf6 8. e3 Nxc3 9. Qxc3 Be7 10. Bd3 0-0 11. c5 Bd7 12. h3 a5 13. b4 b6 14. b5 bxc5 15. dxc5 cxb5 16. c6 b4 17. Qc2 Be8 18. 0-0 Bd6 19. axb4 Bxf4 20. exf4 axb4 21. Ne5 Rc8 22. Rfc1 Rc7 23. Qc5 Ne4 24. Bxe4 dxe4 25. Qxb4 f6 26. Rd1 Qc8 27. Nd7 Bxd7 28. cxd7 Rxd7 29. Rdc1 Qb7 30. Qc4 Re8 31. f5 Qd5 32. fxe6 1/2-1/2

[Event "Mecklenburg VP-ch U16"]
[Site "Malchow"]
[Date "2015.02.??"]
[Round "5.4"]
[White "Focke, Adrian"]
[Black "Schamber, Maximilian"]
[Result "1/2-1/2"]
[WhiteElo "1708"]
[BlackElo "1445"]
[PlyCount "47"]
[EventDate "2015.02.04"]
[EventType "swiss"]
[EventRounds "7"]
[EventCountry "GER"]
[SourceTitle "EXT 2022"]
[Source "ChessBase"]
[SourceDate "2021.10.06"]
[SourceVersion "1"]
[SourceVersionDate "2021.10.06"]
[SourceQuality "1"]

1. e4 d6 2. d4 Nf6 3. Nc3 g6 4. Nf3 Bg7 5. Be2 0-0 6. 0-0 c6 7. a4 Bg4 8. Be3 Nbd7 9. a5 Qc7 10. Qd2 e5 11. Rfd1 Rfd8 12. h3 Bxf3 13. Bxf3 b6 14. axb6 axb6 15. Be2 b5 16. f3 Nb6 17. b3 Nfd7 18. d5 b4 19. Na4 c5 20. Nb2 Ra3 21. Rxa3 bxa3 22. Nc4 Nxc4 23. Bxc4 Nb6 24. Bf1 1/2-1/2

[Event "GER-chT North U14"]
[Site "Magdeburg"]
[Date "2014.09.12"]
[Round "3.3"]
[White "Petri, Ben Luca"]
[Black "Schamber, Maximilian"]
[Result "0-1"]
[WhiteElo "1218"]
[BlackElo "1449"]
[PlyCount "66"]
[EventDate "2014.09.11"]
[EventType "team-swiss"]
[EventRounds "7"]
[EventCountry "GER"]
[SourceTitle "EXT 2016"]
[Source "ChessBase"]
[SourceDate "2015.10.08"]
[SourceVersion "1"]
[SourceVersionDate "2015.10.08"]
[SourceQuality "1"]
[WhiteTeam "Delmenhorst"]
[BlackTeam "Rostock Makkabi"]
[WhiteTeamCountry "GER"]
[BlackTeamCountry "GER"]

1. e4 d6 2. d4 Nf6 3. Nc3 g6 4. f4 Bg7 5. Nf3 0-0 6. e5 Ne8 7. Be2 d5 8. 0-0 Bf5 9. Nh4 Be4 10. Nxe4 dxe4 11. g4 e6 12. Ng2 f5 13. gxf5 exf5 14. Bc4+ Kh8 15. b3 c6 16. Ba3 b5 17. Bxf8 Bxf8 18. Be2 Bb4 19. d5 cxd5 20. Bxb5 Qb6+ 21. Kh1 Qxb5 22. a4 Qa5 23. Ne3 Bc3 24. Ra2 d4 25. Nc4 Qd8 26. Rg1 Qh4 27. Rg3 Nc6 28. Rxc3 dxc3 29. Qd5 Rd8 30. Nd6 Qe1+ 31. Kg2 Qe2+ 32. Kg1 Qe1+ 33. Kg2 Qd2+ 0-1

[Event "GER-chT North U14"]
[Site "Magdeburg"]
[Date "2014.09.12"]
[Round "4.3"]
[White "Schamber, Maximilian"]
[Black "Neumann, Oskar"]
[Result "1/2-1/2"]
[WhiteElo "1449"]
[BlackElo "1291"]
[PlyCount "88"]
[EventDate "2014.09.11"]
[EventType "team-swiss"]
[EventRounds "7"]
[EventCountry "GER"]
[SourceTitle "EXT 2016"]
[Source "ChessBase"]
[SourceDate "2015.10.08"]
[SourceVersion "1"]
[SourceVersionDate "2015.10.08"]
[SourceQuality "1"]
[WhiteTeam "Rostock Makkabi"]
[BlackTeam "Hamburg Eppendorf"]
[WhiteTeamCountry "GER"]
[BlackTeamCountry "GER"]

1. d4 d5 2. e3 c5 3. c3 e6 4. Bd3 Nf6 5. f4 Nbd7 6. Nf3 b6 7. Nbd2 Be7 8. 0-0 0-0 9. Ne5 c4 10. Bc2 Nxe5 11. fxe5 Nd7 12. Qh5 h6 13. Rf3 f5 14. Rg3 Kh8 15. Qg6 Rg8 16. Qxe6 Nf6 17. Qf7 Qe8 18. Qxe8 Nxe8 19. Ba4 Kh7 20. Bc6 Rb8 21. Bxd5 b5 22. Bxg8+ Kxg8 23. b4 Kh7 24. a4 Nc7 25. axb5 Nxb5 26. Bb2 Bh4 27. Rh3 g5 28. g3 f4 29. Rxh4 gxh4 30. exf4 hxg3 31. hxg3 Be6 32. Kf2 Kg6 33. Ke3 Kf5 34. Rh1 Rh8 35. Rh4 Rg8 36. Kf2 Rg6 37. Rh1 a6 38. Ra1 Bd5 39. Ra5 Rc6 40. Ke3 Rg6 41. Nf1 Bg2 42. Nh2 Rxg3+ 43. Kf2 Rg6 44. Ra1 Bd5 1/2-1/2

[Event "Mecklenburg VP-ch U14"]
[Site "Malchow"]
[Date "2014.02.03"]
[Round "5"]
[White "Schamber, Maximilian"]
[Black "Tackmann, Lars Erik"]
[Result "1-0"]
[WhiteElo "1209"]
[BlackElo "1183"]
[PlyCount "55"]
[EventDate "2014.02.01"]
[EventType "swiss"]
[EventRounds "7"]
[EventCountry "GER"]
[SourceTitle "EXT 2017"]
[Source "ChessBase"]
[SourceDate "2016.10.25"]
[SourceVersion "1"]
[SourceVersionDate "2016.10.25"]
[SourceQuality "1"]

1. d4 d5 2. e3 e6 3. Bd3 Nf6 4. f4 Bd6 5. Nf3 Bd7 6. 0-0 c5 7. c3 a6 8. Nbd2 Nc6 9. Ne5 cxd4 10. exd4 0-0 11. Ndf3 Ne4 12. Nxd7 Qxd7 13. Ne5 Qe7 14. Qh5 f5 15. Rf3 Rf6 16. Rh3 Rh6 17. Qf3 Rxh3 18. Qxh3 Nxe5 19. fxe5 Bc7 20. Bf4 Qf7 21. Rf1 Bd8 22. c4 dxc4 23. Bxc4 Rc8 24. Bb3 b5 25. Be3 a5 26. Rxf5 Qe8 27. Bxe6+ Kh8 28. Bxc8 1-0